Statistiken für BTS Members Easy

Klicken Sie hier um das Quiz zu spielen!

Allgemein

  • Dieses Quiz wurde 370 mal gespielt
  • Das Durchschnittsergebnis liegt bei 7 aus 7

Antwortstatistiken

Antwort% Korrekt
Jimin
98%
RM
98%
Jin
97%
Suga
97%
J-Hope
96%
Jungkook
96%
V
96%

Verteilung der Resultate

Perzentil nach korrekt beantworteten Fragen

Anzahl Personen mit jedem Resultat

Ihre Resultats-Entwicklung

Sie haben dieses Quiz noch nicht gespielt